| 000 | 00532nam a22002057a 4500 | ||
|---|---|---|---|
| 003 | OSt | ||
| 005 | 20140310184331.0 | ||
| 008 | 121109t xxu||||| |||| 00| 0 eng d | ||
| 020 | _a0439312922 | ||
| 050 |
_aPZ 7 _b.K29 2001 |
||
| 100 |
_aKellaher, Karen _923945 |
||
| 245 |
_aCrocodile tales / _cKaren Kellaher and Colin Kellaher |
||
| 260 |
_aNew York : _bScholastic Inc., _c2001. |
||
| 300 |
_g20 cm. _a32 p. : _bill. ; |
||
| 521 | _aG2 | ||
| 526 | _c410 | ||
| 942 |
_2lcc _cBK-SCHOLAS |
||
| 999 |
_c33668 _d33668 |
||